000 00456nam a2200181 4500
001 10767
005 20230410115745.0
008 060907n1990 dr spa
020 _a0802110150
035 _9funglode10851
041 _aEN
050 1 4 _aHJ 8899 G349f 1990
100 _aGeorge, Susan
245 1 2 _aA fate worse than debt /
_cSusan George
260 _aNew York :
_bGrove Weidenfeld,
_c1990
300 _a300 p.
942 _2lcc
_cbk
999 _c47410
_d47410